000 01152cam a2200253 4500
001 ABS68726
008 050304n2005 000 0 eng u
035 _a(Sirsi) u128951
100 _aYule, I.
245 _aNo more party games
260 _c2005
490 _aBuilding
_v270(8370) 25 February 2005, 54(1)
520 _aDescribes the use of the interface or co-operation agreement for PFI projects. Interface agreements help prevent PFI project companies or Special Purpose Vehicles (SPV) from becoming embroiled in disputes, as they require contractors (building and facilities management) to settle disputes between themselves without the involvement of the SPV. Explains how these agreements have become more complicated and highlights what contractors should watch out for, such as risk of insolvency and caps on liability.
590 _aABS
590 _aRKA
650 _aPFI PROJECTS
650 _aSPECIAL PURPOSE VEHICLE
650 _aBUILDING CONTRACTORS
650 _aINTERFACE AGREEMENTS
650 _aFACILITIES MANAGEMENT
_96240
650 _aCOOPERATION AGREEMENTS
690 _aDispute resolution
_96236
942 _n0
999 _c74884
_d74884